000 00559cam a22002053a 4500
001 38364
003 PGUSA
005 20140828083839.0
008 111222s2011||||xxu|||||s|||||000 | eng d
040 _aPGUSA
_beng
042 _adc
100 1 _aAde, George,
_d1866-1944
245 1 0 _aIn Pastures New
_h[electronic resource] /
_cGeorge Ade
260 _bProject Gutenberg,
_c2011
506 _aPublic domain in the USA.
516 _aElectronic text
830 0 _aProject Gutenberg
_v38364
856 4 0 _uhttp://www.gutenberg.org/ebooks/38364
942 _cEB
999 _c267618
_d267618